|
|
|
|
| LEADER |
01191nam a2200289 a 4500 |
| 001 |
12312110 |
| 008 |
090723r20001946enk b 000 0 eng d |
| 010 |
|
|
|a 2001266519
|
| 020 |
|
|
|a 0140437932
|
| 040 |
|
|
|a DLC
|c DLC
|d DLC
|
| 082 |
0 |
0 |
|a 822/.912
|2 21
|
| 100 |
1 |
|
|a Shaw, Bernard,
|d 1856-1950
|
| 245 |
1 |
0 |
|a Plays unpleasant /
|c Bernard Shaw ; definitive text under the editorial supervision of Dan H. Laurence ; with an introduction by David Edgar.
|
| 260 |
|
|
|a London ;
|a New York :
|b Penguin Books
|c 2000.
|
| 300 |
|
|
|a xxii, 291 p. ;
|c 20 cm.
|
| 490 |
0 |
|
|a Penguin classics
|
| 490 |
1 |
|
|a The Bernard Shaw library
|
| 504 |
|
|
|a Includes bibliographical references.
|
| 505 |
0 |
|
|a Widowers' houses -- The philanderer -- Mrs. Warren's profession.
|
| 541 |
1 |
|
|e 00011890
|
| 650 |
|
0 |
|a Social problems
|v Drama.
|
| 650 |
|
0 |
|a Social conflict
|v Drama.
|
| 700 |
1 |
|
|a Laurence, Dan H.
|
| 800 |
1 |
|
|a Shaw, Bernard,
|d 1856-1950.
|t Bernard Shaw library.
|
| 852 |
4 |
|
|a Ayesha Abed Library
|j General Shelf.
|
| 999 |
|
|
|c 2949
|d 2949
|
| 952 |
|
|
|0 0
|1 0
|2 ddc
|4 0
|6 822_912000000000000_SHA
|7 0
|9 2665
|a BRACUL
|b BRACUL
|c GEN
|d 2009-08-18
|g 571.00
|l 3
|m 18
|o 822.912 SHA
|p 3010011890
|r 2016-06-05
|s 2016-04-20
|t 1
|w 2009-08-18
|y BK
|x €5.99
|